Normal view
MARC view
- أبو لبدة،عبدالله علي مراجع/سليمان،محمد طالب السيد مترجم/Costantino,Patricia M م.مشارك/De Lorenzo,Marie مؤلف
Entry Personal Name
001 - CONTROL NUMBER
- control field: 21670
003 - CONTROL NUMBER IDENTIFIER
- control field: JO-AjAnu
005 - DATE AND TIME OF LATEST TRANSACTION
- control field: 20230606073742.0
008 - FIXED-LENGTH DATA ELEMENTS
- fixed length control field: 230606|| aca||aabn | a|a d
040 ## - CATALOGING SOURCE
- Original cataloging agency: JO-AjAnu
- Transcribing agency: JO-AjAnu
100 ## - HEADING--PERSONAL NAME
- Personal name: أبو لبدة،عبدالله علي مراجع/سليمان،محمد طالب السيد مترجم/Costantino,Patricia M م.مشارك/De Lorenzo,Marie مؤلف
670 ## - SOURCE DATA FOUND
- Source citation: Work cat.: (JO-AjAnu)11135: أبو لبدة،عبدالله علي مراجع/سليمان،محمد طالب السيد مترجم/Costantino,Patricia M م.مشارك/De Lorenzo,Marie مؤلف , author, ملف الإنجاز المهني:دليل المعلم للتميز = Developing a Professional Teaching Portfolio